[Event "IX Festival A"]
[Site "Trieste ITA"]
[Date "2007.09.05"]
[Round "6"]
[White "Riondino, Michele"]
[Black "Jeran, Bostjan"]
[Result "0-1"]
[WhiteElo "1991"]
[BlackElo "2153"]
[PlyCount "136"]
[EventDate "2007.09.01"]

1. e4 c5 2. Nc3 e6 3. g3 Nc6 4. Bg2 g6 5. d3 Bg7 6. f4 Nge7 7. Be3 d6 8. Nf3
O-O 9. O-O b6 10. d4 Ba6 11. Re1 Qc7 12. Qd2 Rad8 13. Rad1 Rfe8 14. Qf2 cxd4
15. Nxd4 Nxd4 16. Bxd4 e5 17. Be3 f5 18. fxe5 dxe5 19. exf5 Nxf5 20. Be4 Nxe3
21. Qxe3 Kh8 22. Rxd8 Rxd8 23. Rd1 Rd4 24. Qf3 Qc5 25. Kg2 Bc4 26. a3 Be6 27.
Nd5 Bxd5 28. Rxd4 exd4 29. Bxd5 Qxc2+ 30. Qf2 d3 31. Be4 Bxb2 32. Qxc2 dxc2 33.
Bxc2 Bxa3 34. Kf3 Kg7 35. g4 Kf6 36. Ke4 Kg5 37. Bd1 Bd6 38. h3 Kh4 39. Kd5 Bc5
40. Ke6 a5 41. Kf7 Bd4 42. Kg8 h5 43. Kf7 hxg4 44. hxg4 g5 45. Ke6 a4 46. Bxa4
Kxg4 47. Kd5 Bf2 48. Ke4 Kg3 49. Kf5 Kh4 50. Bd7 g4 51. Kf4 Bg3+ 52. Kf5 Bc7
53. Ke4 g3 54. Kf3 Kg5 55. Bc6 Kf5 56. Ke3 Be5 57. Bd7+ Kf6 58. Bc6 Ke6 59. Kd3
Kd6 60. Be4 Kc5 61. Bg2 b5 62. Kd2 Kd4 63. Bc6 b4 64. Ke2 Kc3 65. Kd1 b3 66.
Ke2 Kc2 67. Ba4 Kb2 68. Bc6 Kc1 0-1

[Event "IX Festival A"]
[Site "Trieste ITA"]
[Date "2007.09.05"]
[Round "6"]
[White "Tonel, Giulia"]
[Black "Heikkila, Antti"]
[Result "1-0"]
[WhiteElo "1934"]
[BlackElo "2071"]
[PlyCount "49"]
[EventDate "2007.09.01"]

1. e4 d6 2. d4 Nf6 3. Nc3 g6 4. f4 c6 5. Nf3 b5 6. Bd3 a6 7. O-O Bg7 8. h3 Bb7
9. f5 Nbd7 10. e5 dxe5 11. dxe5 Nxe5 12. Nxe5 Qd4+ 13. Kh1 Qxe5 14. Bf4 Qc5 15.
Qe1 O-O 16. Qh4 Rad8 17. Bh6 Rd7 18. Rf3 Qa7 19. Raf1 c5 20. Rg3 Rd4 21. Qg5 c4
22. fxg6 fxg6 23. Bxg6 Nh5 24. Rxf8+ Kxf8 25. Bxh5 1-0

[Event "IX Festival A"]
[Site "Trieste ITA"]
[Date "2007.09.06"]
[Round "7"]
[White "Aroven, Mikael"]
[Black "Panican, Gheorghe"]
[Result "1-0"]
[WhiteElo "2169"]
[BlackElo "2106"]
[PlyCount "63"]
[EventDate "2007.09.01"]

1. c4 e5 2. g3 g6 3. Nc3 Bg7 4. Bg2 Nc6 5. e3 f5 6. Nge2 Nf6 7. d4 O-O 8. d5
Ne7 9. d6 cxd6 10. Qxd6 Ne8 11. Qd2 d6 12. O-O a6 13. b3 Qc7 14. Nd5 Nxd5 15.
Qxd5+ Kh8 16. Ba3 e4 17. Rac1 Rf6 18. Nf4 g5 19. Nh5 Be6 20. Qd2 Rh6 21. Nxg7
Kxg7 22. f3 exf3 23. Bxf3 g4 24. Bd5 Qf7 25. Bb2+ Nf6 26. Rxf5 Bxd5 27. cxd5
Kg8 28. Qd4 Rf8 29. Rcf1 Kg7 30. Rxf6 Rxf6 31. Rxf6 Qxf6 32. Qxg4+ 1-0

[Event "IX Festival A"]
[Site "Trieste ITA"]
[Date "2007.09.06"]
[Round "7"]
[White "Bevilacqua, Andrea"]
[Black "Tocchioni, Doriano"]
[Result "0-1"]
[WhiteElo "2102"]
[BlackElo "2261"]
[PlyCount "98"]
[EventDate "2007.09.01"]

1. d4 Nf6 2. Nf3 e6 3. Nc3 Bb4 4. Bd2 O-O 5. e3 b6 6. Bd3 Bb7 7. Ne4 Nxe4 8.
Bxb4 d6 9. Qe2 a5 10. Bd2 Nd7 11. O-O f5 12. Ne1 Qh4 13. f3 Nxd2 14. Qxd2 Rae8
15. c4 e5 16. Nc2 g5 17. Qf2 Qh6 18. Be2 Re7 19. b3 Kh8 20. g3 Qg7 21. a3 h5
22. d5 Rf6 23. Qg2 Rh6 24. b4 a4 25. h3 Nf6 26. Bd3 Bc8 27. Rf2 h4 28. g4 e4
29. Be2 exf3 30. Bxf3 fxg4 31. hxg4 h3 32. Qg3 Ne4 33. Bxe4 Rxe4 34. Raf1 Rxg4
35. Rf8+ Kh7 36. Qxg4 Bxg4 37. R1f7 Be2 38. Rxg7+ Kxg7 39. Rf2 Bxc4 40. Nd4 Kg6
41. e4 Bd3 42. Nf5 h2+ 43. Rxh2 Rxh2 44. Kxh2 Bxe4 45. Nd4 Bxd5 46. Nb5 c5 47.
bxc5 dxc5 48. Kg3 Bc6 49. Nc3 b5 0-1

[Event "IX Festival A"]
[Site "Trieste ITA"]
[Date "2007.09.06"]
[Round "7"]
[White "Bosiocic, Marin"]
[Black "Tratar, Marko"]
[Result "1/2-1/2"]
[WhiteElo "2496"]
[BlackElo "2491"]
[PlyCount "53"]
[EventDate "2007.09.01"]

1. e4 e6 2. d4 d5 3. Nc3 dxe4 4. Nxe4 Nd7 5. Nf3 Ngf6 6. Nxf6+ Nxf6 7. Bg5 h6
8. Be3 Nd5 9. Bd2 c5 10. Bb5+ Bd7 11. Bxd7+ Qxd7 12. c4 Nb6 13. Rc1 Be7 14.
dxc5 Bxc5 15. b4 Be7 16. c5 Nd5 17. Ne5 Qc7 18. Qa4+ Kf8 19. Nc4 g6 20. O-O Kg7
21. Na5 Bg5 22. Qc2 Bxd2 23. Qxd2 Rhd8 24. Rc4 Ne7 25. Qb2+ Kg8 26. Rh4 Nf5 27.
Rh3 1/2-1/2

[Event "IX Festival A"]
[Site "Trieste ITA"]
[Date "2007.09.06"]
[Round "7"]
[White "Bussa, Paolo"]
[Black "Miele, Roberto"]
[Result "0-1"]
[WhiteElo "1891"]
[BlackElo "1900"]
[PlyCount "80"]
[EventDate "2007.09.01"]

1. d4 Nf6 2. Nf3 e6 3. Bg5 Be7 4. Nbd2 d5 5. c3 Nbd7 6. e3 c5 7. Bd3 O-O 8. O-O
c4 9. Bc2 b5 10. e4 dxe4 11. Nxe4 Bb7 12. Nxf6+ Nxf6 13. Re1 Nd5 14. Bxe7 Qxe7
15. Qd2 h6 16. Ne5 Rfd8 17. b3 Qf6 18. bxc4 bxc4 19. Rab1 Rab8 20. Be4 Qh4 21.
g3 Qh3 22. Bg2 Qf5 23. Nxc4 Ba6 24. Be4 Qh3 25. Ne3 Nf6 26. Rxb8 Rxb8 27. Rb1
Rxb1+ 28. Bxb1 Bb7 29. Qb2 Ng4 30. f3 Nxe3 31. Bd3 g6 32. Qf2 Nf5 33. Bf1 Qh5
34. g4 Qg5 35. Bg2 Nh4 36. Qg3 Qc1+ 37. Kf2 Qd2+ 38. Kg1 Qxg2+ 39. Qxg2 Nxg2
40. Kxg2 Bd5 0-1

[Event "IX Festival A"]
[Site "Trieste ITA"]
[Date "2007.09.06"]
[Round "7"]
[White "Drazic, Sinisa"]
[Black "Hendriks, Willy"]
[Result "0-1"]
[WhiteElo "2480"]
[BlackElo "2420"]
[PlyCount "52"]
[EventDate "2007.09.01"]

1. d4 c5 2. Nf3 cxd4 3. Nxd4 d5 4. c4 e5 5. Nf3 d4 6. e3 Nc6 7. a3 Nf6 8. b4
Bg4 9. h3 Bxf3 10. Qxf3 e4 11. Qf5 Bd6 12. Qb5 O-O 13. Qxb7 Rc8 14. Be2 d3 15.
Bd1 Be5 16. Ra2 Na5 17. Qa6 Nxc4 18. Bb3 Na5 19. Bb2 Nxb3 20. O-O Bxb2 21. Rxb2
Nc1 22. Qxa7 Ne2+ 23. Kh1 Rc2 24. Rb3 Qd5 25. Qa4 Ra8 26. Rxd3 exd3 0-1

[Event "IX Festival A"]
[Site "Trieste ITA"]
[Date "2007.09.06"]
[Round "7"]
[White "Efimov, Igor"]
[Black "Marzano, Carlo"]
[Result "1-0"]
[WhiteElo "2426"]
[BlackElo "2230"]
[PlyCount "71"]
[EventDate "2007.09.01"]

1. d4 Nc6 2. e4 e5 3. d5 Nce7 4. Be3 f5 5. Nc3 Nf6 6. f3 d6 7. Nge2 g6 8. h3
Bg7 9. Qd2 c6 10. g4 cxd5 11. exd5 Qa5 12. Nc1 O-O 13. Nb3 Qd8 14. O-O-O a6 15.
f4 exf4 16. Bxf4 fxg4 17. Qh2 Nf5 18. hxg4 Nxg4 19. Qg1 Nf6 20. Be2 b5 21. a3
Qc7 22. Nd2 Re8 23. Bd3 Bd7 24. Nde4 Nxe4 25. Nxe4 Rxe4 26. Bxe4 Qc4 27. Qg2
Re8 28. Rde1 Nd4 29. Rxh7 Kxh7 30. Qxg6+ Kg8 31. Qh7+ Kf7 32. Qh5+ Kg8 33. Bh7+
Kh8 34. Bg6+ Kg8 35. Qh7+ Kf8 36. Bxd6+ 1-0

[Event "IX Festival A"]
[Site "Trieste ITA"]
[Date "2007.09.06"]
[Round "7"]
[White "Elias, Leonardo"]
[Black "Barletta, Mauro"]
[Result "1/2-1/2"]
[WhiteElo "2122"]
[BlackElo "2257"]
[PlyCount "24"]
[EventDate "2007.09.01"]

1. e4 e5 2. Nf3 Nf6 3. Nxe5 d6 4. Nf3 Nxe4 5. d4 d5 6. Bd3 Bd6 7. O-O O-O 8. c4
c6 9. Nc3 Nxc3 10. bxc3 dxc4 11. Bxc4 Bg4 12. Qd3 Bh5 1/2-1/2

[Event "IX Festival A"]
[Site "Trieste ITA"]
[Date "2007.09.06"]
[Round "7"]
[White "Heikkila, Antti"]
[Black "Plani, Andrea"]
[Result "1-0"]
[WhiteElo "2071"]
[BlackElo "1906"]
[PlyCount "95"]
[EventDate "2007.09.01"]

1. e4 Nc6 2. d4 e5 3. d5 Nce7 4. Bg5 f6 5. Be3 f5 6. Bg5 d6 7. Bd3 f4 8. Nf3 h6
9. Bh4 Bg4 10. Bb5+ c6 11. dxc6 Qa5+ 12. Nc3 bxc6 13. Be2 Ng6 14. Nd2 Bxe2 15.
Qxe2 Nxh4 16. Qh5+ g6 17. Qxh4 Be7 18. Qh3 Nf6 19. O-O-O d5 20. Nb3 Qd8 21. Qe6
d4 22. Qxe5 O-O 23. Nxd4 Qe8 24. Qe6+ Kh7 25. Nxc6 Bc5 26. Qxe8 Raxe8 27. f3
Re6 28. Nd4 Re7 29. Nb3 Be3+ 30. Kb1 Rb7 31. Nd5 Nxd5 32. Rxd5 h5 33. Rhd1 Rb6
34. c4 Rfb8 35. c5 Rb4 36. c6 Kh6 37. Rd8 Rxd8 38. Rxd8 Rc4 39. Rd6 a5 40. a3
a4 41. Na5 Rc1+ 42. Ka2 Rc2 43. c7 Rxc7 44. Rc6 Rd7 45. Nc4 Rd4 46. e5 Kg5 47.
h4+ Kf5 48. Rf6# 1-0

[Event "IX Festival A"]
[Site "Trieste ITA"]
[Date "2007.09.06"]
[Round "7"]
[White "Jeran, Bostjan"]
[Black "Brunello, Sabino"]
[Result "1/2-1/2"]
[WhiteElo "2153"]
[BlackElo "2475"]
[PlyCount "44"]
[EventDate "2007.09.01"]

1. e4 e5 2. Nf3 Nc6 3. Bb5 a6 4. Ba4 Nf6 5. d4 exd4 6. O-O Be7 7. e5 Ne4 8.
Nxd4 Nxd4 9. Qxd4 Nc5 10. Nc3 O-O 11. Nd5 b5 12. Nxe7+ Qxe7 13. Bb3 Bb7 14. Bf4
Ne6 15. Bxe6 Qxe6 16. f3 Bc6 17. a3 Qg6 18. Qd3 Qh5 19. Rad1 Rae8 20. Qc3 Re6
21. Bg3 Rfe8 22. Rd4 Qf5 1/2-1/2

[Event "IX Festival A"]
[Site "Trieste ITA"]
[Date "2007.09.06"]
[Round "7"]
[White "Komarov, Dimitri"]
[Black "Bagaturov, Giorgi"]
[Result "0-1"]
[WhiteElo "2550"]
[BlackElo "2474"]
[PlyCount "126"]
[EventDate "2007.09.01"]

1. d4 Nf6 2. c4 e6 3. g3 d5 4. Bg2 dxc4 5. Nf3 a6 6. O-O Nc6 7. e3 Rb8 8. Nfd2
Nd5 9. Nxc4 b5 10. Ncd2 Be7 11. Nc3 O-O 12. Nxd5 exd5 13. Nb3 Bf5 14. Bd2 Qd7
15. Rc1 Nd8 16. Na5 Rb6 17. Qb3 Be6 18. Rfe1 Nc6 19. Nxc6 Rxc6 20. Rxc6 Qxc6
21. Rc1 Qd7 22. Bb4 Bxb4 23. Qxb4 c6 24. Qc5 Rc8 25. Qb6 Rc7 26. b3 g6 27. h4
Kg7 28. e4 Rc8 29. e5 h6 30. Qxa6 g5 31. hxg5 hxg5 32. Qa5 Bh3 33. Qd2 Kg6 34.
Qd3+ Bf5 35. Bh3 Qe6 36. Bxf5+ Qxf5 37. Qxf5+ Kxf5 38. f3 b4 39. Kf2 f6 40. g4+
Ke6 41. exf6 Kxf6 42. Kg3 Ke6 43. f4 gxf4+ 44. Kxf4 Rf8+ 45. Kg3 Kd6 46. Rh1
Re8 47. g5 Re3+ 48. Kf4 Re4+ 49. Kf5 Rxd4 50. g6 Rd2 51. g7 Rf2+ 52. Kg6 Rxa2
53. g8=Q Rg2+ 54. Kh7 Rxg8 55. Kxg8 c5 56. Rh4 d4 57. Kf7 d3 58. Kf6 Kd5 59.
Kf5 d2 60. Rh8 Kd4 61. Rd8+ Ke3 62. Re8+ Kd3 63. Rd8+ Kc2 0-1

[Event "IX Festival A"]
[Site "Trieste ITA"]
[Date "2007.09.06"]
[Round "7"]
[White "Milazzo, Mario"]
[Black "Riondino, Michele"]
[Result "1/2-1/2"]
[WhiteElo "1971"]
[BlackElo "1991"]
[PlyCount "35"]
[EventDate "2007.09.01"]

1. e4 e5 2. Nf3 Nc6 3. Bc4 Bc5 4. b4 Bxb4 5. c3 Ba5 6. d4 exd4 7. O-O Nge7 8.
cxd4 d5 9. exd5 Nxd5 10. Ba3 Be6 11. Nbd2 Bb4 12. Bxb4 Ncxb4 13. Bb5+ c6 14.
Bc4 O-O 15. a3 Nc3 16. Qb3 Bxc4 17. Nxc4 Nbd5 18. Qxb7 1/2-1/2

[Event "IX Festival A"]
[Site "Trieste ITA"]
[Date "2007.09.06"]
[Round "7"]
[White "Pasquotto, Mirko"]
[Black "Tonel, Giulia"]
[Result "0-1"]
[WhiteElo "1960"]
[BlackElo "1934"]
[PlyCount "126"]
[EventDate "2007.09.01"]

1. e4 e5 2. Nf3 Nc6 3. Bb5 a6 4. Ba4 Nf6 5. O-O Be7 6. Re1 b5 7. Bb3 d6 8. c3
O-O 9. h3 h6 10. d4 Bb7 11. Nbd2 Re8 12. Nf1 Bf8 13. Bc2 Na5 14. Ng3 c5 15. d5
Nc4 16. Nf5 Kh7 17. b3 Nb6 18. g4 Bc8 19. Bd2 g6 20. g5 gxf5 21. exf5 Ra7 22.
gxh6 Bxh6 23. Bxh6 Kxh6 24. Qd2+ Kh7 25. Kh2 Ng8 26. Re4 Qf6 27. Rh4+ Kg7 28.
Rg1+ Kf8 29. Ng5 Ke7 30. Rh7 Rf8 31. Ne4 Qxf5 32. Ng3 Qf4 33. Qxf4 exf4 34.
Nf5+ Bxf5 35. Bxf5 Nxd5 36. Re1+ Kf6 37. Bc2 Re7 38. Rd1 Nxc3 39. Rxd6+ Re6 40.
Rd3 b4 41. Rh4 Rfe8 42. Rxf4+ Ke7 43. Rdf3 f6 44. Rg4 Kd6 45. Rg7 Ne7 46. a4
Ncd5 47. Bd3 Ke5 48. Bc4 Rd6 49. h4 Rh8 50. Rh3 Nf5 51. Rg4 Nf4 52. Rf3 Rxh4+
53. Rxh4 Nxh4 54. Re3+ Kf5 55. Kg3 Nhg6 56. Re8 Ne5 57. Bf1 Rd1 58. Bxa6 Rb1
59. Bc8+ Kg5 60. Rg8+ Neg6 61. a5 Rxb3+ 62. Kh2 Ra3 63. a6 b3 0-1

[Event "IX Festival A"]
[Site "Trieste ITA"]
[Date "2007.09.06"]
[Round "7"]
[White "Schlosser, Philipp"]
[Black "Ramesa, Davor"]
[Result "1-0"]
[WhiteElo "2562"]
[BlackElo "2310"]
[PlyCount "79"]
[EventDate "2007.09.01"]

1. e4 c5 2. Nf3 e6 3. c4 Nc6 4. Nc3 e5 5. d3 d6 6. g3 Be7 7. Bg2 f5 8. O-O Nf6
9. exf5 Bxf5 10. Nh4 Bg4 11. f3 Be6 12. f4 O-O 13. Nd5 exf4 14. Bxf4 Nd4 15.
Nxe7+ Qxe7 16. Bg5 Rf7 17. Qd2 Raf8 18. b3 Qd7 19. Be3 Nf5 20. Nxf5 Bxf5 21.
Bxb7 Qxb7 22. Rxf5 Ng4 23. Rxf7 Qxf7 24. Bf4 Qh5 25. Rf1 g5 26. Bxd6 Rxf1+ 27.
Kxf1 Nxh2+ 28. Kg2 Nf3 29. Qe3 Qg6 30. Bxc5 g4 31. Qe4 Ne1+ 32. Qxe1 Qc6+ 33.
Qe4 Qxc5 34. Qxg4+ Kf7 35. Qd7+ Kg6 36. Qe6+ Kg7 37. Qg4+ Kf8 38. d4 Qa3 39.
Qf4+ Kg7 40. Qd2 1-0

[Event "IX Festival A"]
[Site "Trieste ITA"]
[Date "2007.09.07"]
[Round "8"]
[White "Bagaturov, Giorgi"]
[Black "Tiviakov, Sergei"]
[Result "1/2-1/2"]
[WhiteElo "2474"]
[BlackElo "2648"]
[PlyCount "22"]
[EventDate "2007.09.01"]

1. d4 Nf6 2. c4 e6 3. Nf3 b6 4. g3 Bb7 5. Bg2 Be7 6. O-O O-O 7. Nc3 Na6 8. b3
c6 9. Qc2 d5 10. Rd1 Rc8 11. e4 Re8 1/2-1/2

[Event "IX Festival A"]
[Site "Trieste ITA"]
[Date "2007.09.07"]
[Round "8"]
[White "Brunello, Sabino"]
[Black "Aroven, Mikael"]
[Result "1-0"]
[WhiteElo "2475"]
[BlackElo "2169"]
[PlyCount "87"]
[EventDate "2007.09.01"]

1. e4 c5 2. Nf3 g6 3. c4 Nc6 4. d4 cxd4 5. Nxd4 Nf6 6. Nc3 d6 7. Nc2 Bg7 8. Be2
O-O 9. O-O Nd7 10. Bd2 a5 11. Rc1 Nc5 12. f3 f5 13. exf5 Bxf5 14. Ne3 Nd4 15.
Nxf5 Nxf5 16. Kh1 e6 17. g4 Nd4 18. Be3 Qf6 19. f4 Nxe2 20. Qxe2 Rae8 21. Nb5
Qe7 22. Qg2 Nd3 23. Rc2 Nb4 24. Rd2 d5 25. a3 Nc6 26. cxd5 exd5 27. Bb6 Qe4 28.
Nc7 Qxg2+ 29. Kxg2 Re4 30. Nxd5 g5 31. Kf3 Ra4 32. Bc7 Be5 33. Bxe5 Nxe5+ 34.
Kg3 gxf4+ 35. Rxf4 Raxf4 36. Nxf4 Nc4 37. Re2 Rd8 38. h4 Kf7 39. Rc2 b5 40. a4
Ne3 41. Rc7+ Kg8 42. axb5 Rb8 43. Nh5 h6 44. Nf6+ 1-0

[Event "IX Festival A"]
[Site "Trieste ITA"]
[Date "2007.09.07"]
[Round "8"]
[White "Capaliku, Aleks"]
[Black "Bevilacqua, Andrea"]
[Result "0-1"]
[WhiteElo "2112"]
[BlackElo "2102"]
[PlyCount "70"]
[EventDate "2007.09.01"]

1. f4 e5 2. fxe5 d6 3. exd6 Bxd6 4. Nf3 Nf6 5. d4 Ng4 6. Qd3 Nc6 7. c3 Qe7 8.
Nbd2 Bd7 9. Ne4 O-O-O 10. h3 Nh6 11. Bg5 f6 12. Bxh6 gxh6 13. Nxd6+ Qxd6 14.
O-O-O f5 15. e3 Rhe8 16. Qd2 Re7 17. Bb5 Rde8 18. Bxc6 Bxc6 19. Ne5 Be4 20.
Rhf1 h5 21. Rf4 Rd8 22. Qe2 Qd5 23. g3 Rg7 24. g4 hxg4 25. hxg4 fxg4 26. Rxg4
Bf3 27. Qxf3 Qxf3 28. Nxf3 Rxg4 29. Kd2 h5 30. Kd3 h4 31. Rh1 Rh8 32. Ne5 Rg2
33. a4 h3 34. Ke4 h2 35. Nf3 Rh3 0-1

[Event "IX Festival A"]
[Site "Trieste ITA"]
[Date "2007.09.07"]
[Round "8"]
[White "Efimov, Igor"]
[Black "Elias, Leonardo"]
[Result "1-0"]
[WhiteElo "2426"]
[BlackElo "2122"]
[PlyCount "53"]
[EventDate "2007.09.01"]

1. d4 Nf6 2. c4 c5 3. d5 b5 4. cxb5 a6 5. f3 axb5 6. e4 d6 7. Bxb5+ Bd7 8. Bc4
g6 9. Nc3 Bg7 10. Nge2 O-O 11. O-O Bc8 12. Bg5 Nbd7 13. a4 Ba6 14. Bxa6 Rxa6
15. Nb5 h6 16. Be3 Ne8 17. Nec3 Kh7 18. Qc2 Nb6 19. b3 Nc7 20. Rad1 Qd7 21. f4
f5 22. e5 Nxb5 23. Nxb5 dxe5 24. d6 e6 25. Nc7 Ra7 26. fxe5 Rb7 27. Qxc5 1-0

[Event "IX Festival A"]
[Site "Trieste ITA"]
[Date "2007.09.07"]
[Round "8"]
[White "Heikkila, Antti"]
[Black "Bussa, Paolo"]
[Result "1/2-1/2"]
[WhiteElo "2071"]
[BlackElo "1891"]
[PlyCount "142"]
[EventDate "2007.09.01"]

1. e4 c6 2. c4 d5 3. exd5 cxd5 4. cxd5 Nf6 5. Bb5+ Bd7 6. Bc4 Qc7 7. d3 g6 8.
Ne2 Bg7 9. Nbc3 a6 10. a4 O-O 11. a5 b5 12. axb6 Qxb6 13. O-O Rd8 14. Be3 Qc7
15. h3 Bf5 16. Nd4 Qb7 17. Nxf5 gxf5 18. Qf3 Nbd7 19. Qxf5 Qxb2 20. Bd4 Qd2 21.
Rfd1 Qh6 22. Re1 Re8 23. Ra2 Qg6 24. Qxg6 hxg6 25. Rea1 Nh5 26. Bxg7 Kxg7 27.
Rxa6 Rxa6 28. Rxa6 Ne5 29. Ne2 Rc8 30. Ra4 Nf6 31. f4 Nxc4 32. dxc4 Ne4 33. Nd4
Nc3 34. Rb4 Na2 35. Rb7 Rxc4 36. Nc6 Rxf4 37. Rxe7 Nb4 38. Nd8 Nxd5 39. Rd7 Rf5
40. g4 Nb6 41. Rb7 Rf6 42. g5 Rd6 43. Nxf7 Rd7 44. Rxd7 Nxd7 45. Nd6 Ne5 46.
Kg2 Kf8 47. Kg3 Ke7 48. Nb5 Nd3 49. Nd4 Kd6 50. Nf3 Ke6 51. Nh4 Kf7 52. Kf3
Ne1+ 53. Ke4 Nc2 54. Nf3 Nb4 55. Ne5+ Kg7 56. Nd3 Nc6 57. Kd5 Ne7+ 58. Ke5 Nf5
59. Nc5 Kf7 60. Ne4 Ne7 61. Nd6+ Kg7 62. h4 Nc6+ 63. Kd5 Nb4+ 64. Ke4 Nc6 65.
Kd5 Nb4+ 66. Ke6 Nd3 67. Ne8+ Kf8 68. Kf6 Kxe8 69. Kxg6 Kf8 70. Kf5 Kg7 71. h5
Nc5 1/2-1/2

[Event "IX Festival A"]
[Site "Trieste ITA"]
[Date "2007.09.07"]
[Round "8"]
[White "Marzano, Carlo"]
[Black "Tonon, Alessandro"]
[Result "0-1"]
[WhiteElo "2230"]
[BlackElo "2186"]
[PlyCount "62"]
[EventDate "2007.09.01"]

1. Nc3 c5 2. g4 d5 3. Bg2 d4 4. Ne4 e5 5. g5 f5 6. gxf6 Nxf6 7. d3 Nc6 8. Ng3
Be7 9. e4 dxe3 10. fxe3 O-O 11. Nf3 Bg4 12. O-O e4 13. dxe4 Qc7 14. Qe2 Kh8 15.
Qc4 Bd6 16. e5 Nxe5 17. Nxe5 b5 18. Qxb5 Bxe5 19. Bxa8 Rxa8 20. Rf4 Rd8 21. Qc4
Rd1+ 22. Kf2 h5 23. Ne4 Bxf4 24. exf4 Qc6 25. Ng5 Qh1 26. Nf7+ Kh7 27. Ng5+ Kh6
28. Nf7+ Kg6 29. f5+ Bxf5 30. Bf4 Ng4+ 31. Kg3 Qxh2+ 0-1

[Event "IX Festival A"]
[Site "Trieste ITA"]
[Date "2007.09.07"]
[Round "8"]
[White "Miele, Roberto"]
[Black "Milazzo, Mario"]
[Result "0-1"]
[WhiteElo "1900"]
[BlackElo "1971"]
[PlyCount "100"]
[EventDate "2007.09.01"]

1. e4 c5 2. Nf3 e6 3. d4 cxd4 4. Nxd4 Nf6 5. Nc3 d6 6. Bc4 Be7 7. Bb3 a6 8. Be3
Qc7 9. Qe2 Nc6 10. O-O-O O-O 11. g4 b5 12. g5 Ne8 13. h4 b4 14. Na4 Na5 15. Kb1
Bb7 16. Nxe6 fxe6 17. Bb6 Qd7 18. Bxa5 Qb5 19. Qg4 Qxa5 20. Qxe6+ Kh8 21. Qxe7
Nc7 22. Qxd6 Bxe4 23. Rhe1 Bg6 24. Re7 Ne8 25. Qd4 Rc8 26. Nb6 Rb8 27. Nc4 Qf5
28. Qa7 Qf3 29. Red7 Ra8 30. Qc5 Qxf2 31. Qd4 Rc8 32. Qxf2 Rxf2 33. Ne3 Re2 34.
Nc4 h6 35. Kc1 Rh2 36. gxh6 gxh6 37. Rg1 Bh7 38. Ne3 Nf6 39. Rd4 Re2 40. Nc4
Ne4 41. Ne5 Nd6 42. Rxd6 Rxe5 43. Rg2 Re4 44. Rxh6 Rd8 45. Rg1 a5 46. c3 bxc3
47. bxc3 Re2 48. Bc2 Rxc2+ 49. Kb1 Rb8+ 50. Ka1 Rbb2 0-1

[Event "IX Festival A"]
[Site "Trieste ITA"]
[Date "2007.09.07"]
[Round "8"]
[White "Panican, Gheorghe"]
[Black "Hilmer, Frank"]
[Result "1-0"]
[WhiteElo "2106"]
[BlackElo "2221"]
[PlyCount "85"]
[EventDate "2007.09.01"]

1. e4 c5 2. Nf3 Nc6 3. d4 cxd4 4. Nxd4 Nf6 5. Nc3 e5 6. Ndb5 d6 7. Nd5 Nxd5 8.
exd5 Nb8 9. c4 Be7 10. Bd3 a6 11. Nc3 O-O 12. Be3 f5 13. f3 Bg5 14. Bxg5 Qxg5
15. Qd2 Qh4+ 16. g3 Qh5 17. Be2 Nd7 18. O-O-O b5 19. h4 bxc4 20. g4 Qe8 21.
Bxc4 Nb6 22. Be2 Rf7 23. Kb1 Rb8 24. Ka1 Na4 25. b3 Nc5 26. Rb1 e4 27. g5 Rc7
28. f4 a5 29. Qe3 Nd3 30. Na4 Nb4 31. Bd1 Nxd5 32. Qd4 Be6 33. Be2 Nb4 34. Qxd6
Rc6 35. Qe5 Nxa2 36. Bb5 Nb4 37. Bxc6 Nc2+ 38. Kb2 Rxb3+ 39. Kxc2 Qxc6+ 40. Nc3
Qc4 41. Rxb3 Qxb3+ 42. Kd2 Qb2+ 43. Ke3 1-0

[Event "IX Festival A"]
[Site "Trieste ITA"]
[Date "2007.09.07"]
[Round "8"]
[White "Pavasovic, Dusko"]
[Black "Mazi, Leon"]
[Result "1-0"]
[WhiteElo "2584"]
[BlackElo "2352"]
[PlyCount "55"]
[EventDate "2007.09.01"]

1. e4 e5 2. Nf3 Nc6 3. d4 exd4 4. Nxd4 Bc5 5. Be3 Qf6 6. c3 Nge7 7. Bc4 Ne5 8.
Be2 Qg6 9. O-O d6 10. Kh1 Qxe4 11. Nd2 Qg6 12. Nb5 O-O 13. Nxc7 Rb8 14. Bh5 Qf5
15. f4 Nd3 16. Qe2 Nxb2 17. Bxc5 dxc5 18. Ne4 Nd3 19. Nd6 Qd7 20. Nce8 Ng6 21.
Qxd3 Rxe8 22. Rad1 Rd8 23. f5 Nh8 24. Qg3 Ra8 25. Nxf7 Nxf7 26. f6 g6 27. Rxd7
Rxd7 28. Bxg6 1-0

[Event "IX Festival A"]
[Site "Trieste ITA"]
[Date "2007.09.07"]
[Round "8"]
[White "Plani, Andrea"]
[Black "Pasquotto, Mirko"]
[Result "0-1"]
[WhiteElo "1906"]
[BlackElo "1960"]
[PlyCount "104"]
[EventDate "2007.09.01"]

1. Nc3 d5 2. e4 d4 3. Nce2 e5 4. Ng3 Be6 5. Nf3 f6 6. Bb5+ Nc6 7. O-O Bc5 8.
Bxc6+ bxc6 9. d3 Ne7 10. Nh4 O-O 11. a3 a5 12. Nf3 Ba7 13. Nh4 Qd7 14. f4 exf4
15. Ngf5 g5 16. Nxe7+ Qxe7 17. Nf5 Bxf5 18. exf5 Rae8 19. Qf3 c5 20. Kf2 Qf7
21. Bd2 Bb6 22. Rae1 c4 23. Qc6 c3 24. Bc1 Re5 25. b3 Rfe8 26. a4 Qe7 27. Rxe5
Qxe5 28. h4 Re7 29. hxg5 fxg5 30. f6 Re6 31. Qa8+ Kf7 32. Qh8 Qxf6 33. Qxh7+
Qg7 34. Qf5+ Qf6 35. Qd5 Qe5 36. Qf3 Qf5 37. Kg1 Bc5 38. g3 Bd6 39. Qh5+ Qg6
40. Qg4 Kg7 41. Kg2 c5 42. Rh1 fxg3 43. Rh5 Re5 44. Bxg5 Kf7 45. Qf3+ Rf5 46.
Qb7+ Kg8 47. Qa8+ Bf8 48. Qe4 Rxg5 49. Rxg5 Qxg5 50. Qe6+ Kh8 51. Qh3+ Qh6 52.
Qf5 Qh2+ 0-1

[Event "IX Festival A"]
[Site "Trieste ITA"]
[Date "2007.09.07"]
[Round "8"]
[White "Ramesa, Davor"]
[Black "Jeran, Bostjan"]
[Result "1-0"]
[WhiteElo "2310"]
[BlackElo "2153"]
[PlyCount "79"]
[EventDate "2007.09.01"]

1. Nf3 d5 2. d4 Nf6 3. c4 c6 4. e3 Bg4 5. Nbd2 e6 6. Bd3 Nbd7 7. b3 Bd6 8. Bb2
Qc7 9. Qc2 Bxf3 10. Nxf3 e5 11. dxe5 Nxe5 12. Nxe5 Bxe5 13. O-O dxc4 14. Bxc4
O-O 15. Bxe5 Qxe5 16. Rae1 Rad8 17. Bd3 Rd7 18. Bf5 Rd6 19. e4 Rfd8 20. f4 Qa5
21. e5 Rd2 22. Qb1 Qc5+ 23. Kh1 Qd5 24. Rg1 g6 25. Bh3 Nh5 26. Rgf1 Ng7 27. Rg1
Ne6 28. Ref1 Nc5 29. Qe1 Qe4 30. Qh4 Qc2 31. Qe7 Rd1 32. Bg4 R1d5 33. f5 R5d7
34. Qh4 Rd4 35. e6 fxe6 36. f6 Rf8 37. f7+ Rxf7 38. Rxf7 Kxf7 39. Qxh7+ Ke8 40.
Qh8+ 1-0

[Event "IX Festival A"]
[Site "Trieste ITA"]
[Date "2007.09.07"]
[Round "8"]
[White "Stock, Lara"]
[Black "Hendriks, Willy"]
[Result "1/2-1/2"]
[WhiteElo "2297"]
[BlackElo "2420"]
[PlyCount "35"]
[EventDate "2007.09.01"]

1. e4 c5 2. Nf3 Nc6 3. d4 cxd4 4. Nxd4 g6 5. c4 Nf6 6. Nc3 Nxd4 7. Qxd4 d6 8.
Be2 Bg7 9. Be3 O-O 10. Qd2 a5 11. O-O a4 12. Bd4 Qa5 13. Qe3 Be6 14. f4 Rfc8
15. Nd5 Nxd5 16. exd5 Bxd4 17. Qxd4 Bd7 18. Rfe1 1/2-1/2

[Event "IX Festival A"]
[Site "Trieste ITA"]
[Date "2007.09.07"]
[Round "8"]
[White "Tonel, Giulia"]
[Black "Riondino, Michele"]
[Result "0-1"]
[WhiteElo "1934"]
[BlackElo "1991"]
[PlyCount "86"]
[EventDate "2007.09.01"]

1. e4 e5 2. Nf3 Nc6 3. Bc4 Bc5 4. c3 Nf6 5. d3 d6 6. O-O O-O 7. Nbd2 a6 8. Bb3
Bg4 9. Re1 Be6 10. h3 Qd7 11. Nf1 Bxb3 12. axb3 h6 13. Ng3 Rad8 14. c4 Nd4 15.
Nxd4 Bxd4 16. Qf3 Kh7 17. Nf5 Ng8 18. Qg3 f6 19. Kh1 c5 20. Rf1 g6 21. Nxd4
cxd4 22. f4 Ra8 23. b4 Kg7 24. Bd2 Rfb8 25. b3 Rf8 26. Rf2 Rf7 27. Kg1 Raf8 28.
Raf1 Qe7 29. fxe5 fxe5 30. Rf3 Nf6 31. Qh4 g5 32. Bxg5 hxg5 33. Qxg5+ Kh8 34.
Rg3 Nh7 35. Qxe7 Rxe7 36. Ra1 Rg7 37. Kh2 Ng5 38. Rg4 Ne6 39. Rxg7 Kxg7 40. Ra5
Nf4 41. c5 dxc5 42. bxc5 Nxd3 43. c6 bxc6 0-1

[Event "IX Festival A"]
[Site "Trieste ITA"]
[Date "2007.09.07"]
[Round "8"]
[White "Tratar, Marko"]
[Black "Schlosser, Philipp"]
[Result "1/2-1/2"]
[WhiteElo "2491"]
[BlackElo "2562"]
[PlyCount "21"]
[EventDate "2007.09.01"]

1. Nf3 Nf6 2. c4 e6 3. g3 d5 4. d4 Bb4+ 5. Bd2 Be7 6. Bg2 c6 7. Qc2 O-O 8. O-O
b6 9. Bf4 Ba6 10. Ne5 Nfd7 11. cxd5 1/2-1/2